Catalog

Record Details

Catalog Search



Sebevýchova a duševní zdraví  Cover Image Book Book

Sebevýchova a duševní zdraví / Libor Míček

Record details

  • Physical Description: 200 s. ; 21 cm
  • Edition: Vyd. 1.
  • Publisher: Praha : Státní pedagogické nakladatelství, 1976

Content descriptions

Bibliography, etc. Note:
Obsahuje bibliografii
Subject: duševní zdraví
sebevýchova

Available copies

  • 3 of 3 copies available at Common Catalog SPOK.

Holds

  • 0 current holds with 3 total copies.
Show Only Available Copies
Location Call Number / Copy Notes Barcode Shelving Location Status Due Date
ETS Library 159.92 424470018062 Volný výběr Available -
Jabok Library Psy-8.2/M 424480008929 Odborná literatura Available -
Jabok Library Psy-8.2/M 424480011484 Odborná literatura Available -

LDR 01669nam a22005293a 4500
00111386
003CZ-PrJAB
00520190903081149.0
007ta
008971008s1976 xr ||| | cze d
015 . ‡acnb000125614
035 . ‡a(CZ PrSKC)m0254514
035 . ‡a(OCoLC)3480311
040 . ‡aCBA001 ‡bcze
080 . ‡a159.9 ‡2MRF
080 . ‡a613.8 ‡2MRF
08214. ‡a616.891
1001 . ‡aMíček, Libor, ‡d1931-2004 ‡7jk01081395 ‡4aut
24510. ‡aSebevýchova a duševní zdraví / ‡cLibor Míček
250 . ‡aVyd. 1.
260 . ‡aPraha : ‡bStátní pedagogické nakladatelství, ‡c1976
300 . ‡a200 s. ; ‡c21 cm
4901 . ‡aKnižnice psychologické literatury
504 . ‡aObsahuje bibliografii
650 7. ‡aduševní zdraví ‡7ph119649 ‡2czenas
650 7. ‡asebevýchova ‡7ph125456 ‡2czenas
830 0. ‡aKnižnice psychologické literatury
910 . ‡aABG312
910 . ‡aABG450
995 . ‡aska
901 . ‡a11386 ‡bCZ-PrJAB ‡c11386 ‡tbiblio

Additional Resources